Online
Catalog

Poesía completa / (Record no. 25068)

MARC details
000 -CABECERA
campo de control de longitud fija 01112nam a2200253 a 4500
001 - NÚMERO DE CONTROL
campo de control 000025576
005 - FECHA Y HORA DE LA ÚLTIMA TRANSACCIÓN
campo de control 20200930023905.0
008 - DATOS DE LONGITUD FIJA--INFORMACIÓN GENERAL
campo de control de longitud fija 110216s1995 sp 000 p spa d
020 ## - NÚMERO INTERNACIONAL ESTÁNDAR DEL LIBRO
Número Internacional Estándar del Libro 8475064434
040 ## - FUENTE DE LA CATALOGACIÓN
Centro catalogador/agencia de origen DO-SdBNP
Lengua de catalogación spa
Centro/agencia transcriptor BNPHU
082 ## - NÚMERO DE LA CLASIFICACIÓN DECIMAL DEWEY
Número de clasificación 861.3
Número de documento/Ítem Q5p
049 ## - FONDOS LOCALES (OCLC)
Fondos de biblioteca BNGR
100 1# - ENTRADA PRINCIPAL--NOMBRE DE PERSONA
Nombre de persona Quevedo, Francisco de,
Fechas asociadas al nombre 1580-1645
9 (RLIN) 6261
245 10 - MENCIÓN DE TÍTULO
Título Poesía completa /
Mención de responsabilidad, etc. Francisco de Quevedo ; edición y prólogo de José Manuel Blecua.
260 ## - PUBLICACIÓN, DISTRIBUCIÓN, ETC.
Lugar de publicación, distribución, etc. Madrid :
Nombre del editor, distribuidor, etc. Turner,
Fecha de publicación, distribución, etc. 1995.
300 ## - DESCRIPCIÓN FÍSICA
Extensión 2 v. ;
Dimensiones 23 cm.
490 1# - MENCIÓN DE SERIE
Mención de serie Biblioteca Castro.
505 1# - NOTA DE CONTENIDO CON FORMATO
Información miscelánea v.1
Título Poemas metafísicos. --Heráclito cristiano. -- Poemas morales. -- Poemas religiosos. -- Poemas líricos. -- Elogios. -- epitafios. -- Tú mulos. -- Poemas amorosos. -- Canta sola a Lisi. --
Información miscelánea v.2
Título Poemas satíricos. -- Sátiras personales. -- Járacas. -- Bailes. --Poemas heroico de las necedades y locuras de Orlando el enamorado. -- La toma de Valles Ronces.
650 #4 - PUNTO DE ACCESO ADICIONAL DE MATERIA--TÉRMINO DE MATERIA
Término de materia o nombre geográfico como elemento de entrada Poesía española
9 (RLIN) 631
650 #4 - PUNTO DE ACCESO ADICIONAL DE MATERIA--TÉRMINO DE MATERIA
Término de materia o nombre geográfico como elemento de entrada Literatura española
9 (RLIN) 632
700 1# - PUNTO DE ACCESO ADICIONAL--NOMBRE DE PERSONA
Nombre de persona Blecua, José Manuel ,
Término indicativo de función/relación ed.
9 (RLIN) 15074
830 #0 - PUNTO DE ACCESO ADICIONAL DE SERIE-TÍTULO UNIFORME
Título uniforme Biblioteca Castro
9 (RLIN) 12631
910 ## - DATOS DE OPCIÓN DEL USUARIO (OCLC)
Datos de opción del usuario WM
Holdings
Estado de retiro Estado de pérdida Restricciones de uso No para préstamo Código de colección Localización permanente Ubicación/localización actual Ubicación en estantería Fecha de adquisición Número de inventario Total de préstamos Signatura topográfica completa Código de barras Fecha visto por última vez Precio válido a partir de Tipo de ítem Koha
        Monografías: Libros y Folletos General General Depósito 17.02.2011 LF1   861.3 Q5p | v.1 25576-10 25.06.2020 25.06.2020 Préstamo en sala
        Monografías: Libros y Folletos General General Depósito 17.02.2011 LF1   861.3 Q5p | v.2 25576-20 25.06.2020 25.06.2020 Préstamo en sala

Powered by Koha